Everything i never told you (Record no. 240644)
[ view plain ]
| 000 -LEADER | |
|---|---|
| fixed length control field | 01625nam a22002177a 4500 |
| 005 - DATE AND TIME OF LATEST TRANSACTION | |
| control field | 20251104090150.0 |
| 008 - FIXED-LENGTH DATA ELEMENTS--GENERAL INFORMATION | |
| fixed length control field | 251104b |||||||| |||| 00| 0 eng d |
| 020 ## - INTERNATIONAL STANDARD BOOK NUMBER | |
| International Standard Book Number | 9788194790853 |
| 040 ## - CATALOGING SOURCE | |
| Transcribing agency | AL |
| 041 ## - LANGUAGE CODE | |
| Language code of text/sound track or separate title | eng |
| 082 ## - DEWEY DECIMAL CLASSIFICATION NUMBER | |
| Classification number | 820.33 |
| Item number | PANE |
| 100 ## - MAIN ENTRY--PERSONAL NAME | |
| Personal name | Ajay K Pandey |
| 100 ## - MAIN ENTRY--PERSONAL NAME | |
| 9 (RLIN) | 243646 |
| 245 ## - TITLE STATEMENT | |
| Title | Everything i never told you |
| 260 ## - PUBLICATION, DISTRIBUTION, ETC. | |
| Name of publisher, distributor, etc. | Srishti Publishers and Distributors |
| Date of publication, distribution, etc. | 2020 |
| 300 ## - PHYSICAL DESCRIPTION | |
| Extent | x,206p. |
| Other physical details | PB |
| Dimensions | 20x13cm |
| 365 ## - TRADE PRICE | |
| Source of price type code | English |
| Price type code | 4241 |
| Price amount | ₹200.00 |
| Currency code | ₹ |
| Unit of pricing | ₹250.00 |
| Price note | 20% |
| Price effective from | 25-10-2025 |
| 520 ## - SUMMARY, ETC. | |
| Summary, etc. | We can live without religion, but we cannot survive without love. Roshan and Soha were not just class-mates and neighbours, but also best friends. They wanted to be together, but the world saw them as a Hindu and a Muslim before everything else. Roshan failed to convince his father and had to let Soha go. He married Manisha with the hope of moving on, and his life unfolded with a new definition of love. When Anuj was born, theirs was a happy family. Soha walked back into his life after Roshan lost Manisha to cancer. History repeats itself after years, but this time, Roshan decides to not give up. His resolve to convince his son brings him to a point where he will have to make a choice. Will Anuj be able to see someone else in place of his mother? Will Roshan be able to choose between Anuj and Soha? Will Soha be able to set herself free of a love she has nurtured all her life? Everything I Never Told You is a burning reminder that the heart knows no restrictions, and of the boundless power of love. |
| 650 ## - SUBJECT ADDED ENTRY--TOPICAL TERM | |
| Topical term or geographic name entry element | Indian English Fiction |
| 9 (RLIN) | 243647 |
| 650 ## - SUBJECT ADDED ENTRY--TOPICAL TERM | |
| Topical term or geographic name entry element | Indian Novel |
| 9 (RLIN) | 243648 |
| 942 ## - ADDED ENTRY ELEMENTS (KOHA) | |
| Source of classification or shelving scheme | Dewey Decimal Classification |
| Koha item type | Book |
| Withdrawn status | Lost status | Source of classification or shelving scheme | Damaged status | Not for loan | Collection code | Home library | Current library | Shelving location | Date acquired | Source of acquisition | Cost, normal purchase price | Total Checkouts | Full call number | Barcode | Date last seen | Date last checked out | Cost, replacement price | Price effective from | Koha item type |
|---|---|---|---|---|---|---|---|---|---|---|---|---|---|---|---|---|---|---|---|
| Dewey Decimal Classification | English | St Aloysius Library | St Aloysius Library | Stack Section | 10/30/2025 | Biblios Book Point, Surathkal, Mangalore-575014 | 200.00 | 1 | 820.33 PANE | 077984 | 02/16/2026 | 02/06/2026 | 250.00 | 10/25/2025 | Book |